[Event "Kimry Rating op 68th"]
[Site "Kimry"]
[Date "2014.01.04"]
[Round "4"]
[White "Terentieva, Alena"]
[Black "Malkov, Gleb"]
[Result "1-0"]
[WhiteElo "1901"]
[BlackElo "1564"]
[PlyCount "55"]
[EventDate "2014.01.02"]
[EventType "swiss"]
[EventRounds "9"]
[EventCountry "RUS"]
[SourceTitle "CBM 158 Extra"]
[Source "ChessBase"]
[SourceDate "2014.02.28"]
[SourceVersion "1"]
[SourceVersionDate "2014.02.28"]
[SourceQuality "1"]

1. e4 e6 2. d4 d5 3. e5 c5 4. Qg4 cxd4 5. Nf3 Nc6 6. Bd3 Nge7 7. 0-0 Ng6 8. Re1 Nb4 9. Bb5+ Bd7 10. Bg5 Be7 11. Bxe7 Qxe7 12. Bxd7+ Kxd7 13. Qxd4 b5 14. Na3 a6 15. c3 Nc6 16. Qd2 Qc5 17. Rac1 Qb6 18. c4 Nge7 19. cxd5 Nxd5 20. Red1 h6 21. Qf4 Ke7 22. Qh4+ Kd7 23. Qg4 Rhg8 24. Rxd5+ Ke7 25. Rdc5 Na5 26. Rc7+ Kd8 27. Qb4 Re8 28. Qd2+ 1-0

[Event "Kimry-ch 60th"]
[Site "Kimry"]
[Date "2012.01.06"]
[Round "8"]
[White "Terentieva, Alena"]
[Black "Doronine, Vladimir"]
[Result "1-0"]
[WhiteElo "1775"]
[BlackElo "1818"]
[PlyCount "73"]
[EventDate "2012.01.02"]
[EventType "swiss"]
[EventRounds "9"]
[EventCountry "RUS"]
[SourceTitle "CBM 146 Extra"]
[Source "ChessBase"]
[SourceDate "2012.02.29"]
[SourceVersion "1"]
[SourceVersionDate "2012.02.29"]
[SourceQuality "1"]

1. e4 d6 2. d4 Nf6 3. Nd2 g6 4. Ngf3 Bg7 5. Be2 0-0 6. 0-0 Nbd7 7. c3 c5 8. Qc2 cxd4 9. cxd4 Nb6 10. Re1 Bg4 11. h3 Rc8 12. Qd1 Bd7 13. b3 Rc7 14. Bb2 Qc8 15. Bf1 Nh5 16. Nh2 Nf4 17. Qf3 Ne6 18. Qe3 Qb8 19. Rac1 Rfc8 20. Ndf3 Rc2 21. Rxc2 Rxc2 22. Re2 Qc7 23. Qd3 Rxe2 24. Qxe2 a6 25. Qd2 h5 26. Bd3 Nc8 27. Nf1 Qb6 28. Bb1 Na7 29. Ne3 Nb5 30. Nc4 Qa7 31. e5 Bc6 32. d5 Kh7 33. dxe6 Bxf3 34. gxf3 Bh6 35. Qd3 Qc5 36. exf7 d5 37. Qxg6+ 1-0

[Event "Kimry-ch 60th"]
[Site "Kimry"]
[Date "2012.01.04"]
[Round "4"]
[White "Terentieva, Alena"]
[Black "Markevich, Arseniy"]
[Result "1/2-1/2"]
[WhiteElo "1775"]
[BlackElo "2037"]
[PlyCount "47"]
[EventDate "2012.01.02"]
[EventType "swiss"]
[EventRounds "9"]
[EventCountry "RUS"]
[SourceTitle "CBM 146 Extra"]
[Source "ChessBase"]
[SourceDate "2012.02.29"]
[SourceVersion "1"]
[SourceVersionDate "2012.02.29"]
[SourceQuality "1"]

1. e4 e6 2. d4 d5 3. e5 c5 4. c3 Nc6 5. Nf3 Qa5 6. Nbd2 c4 7. g3 b5 8. b4 cxb3 9. Nxb3 Qb6 10. Bh3 b4 11. 0-0 bxc3 12. Qc2 Ba6 13. Re1 Rc8 14. a3 Bc4 15. Rb1 Bxb3 16. Rxb3 Nxd4 17. Nxd4 Qxd4 18. Re3 Ne7 19. Rexc3 Rxc3 20. Rxc3 Qxe5 21. Qa4+ Kd8 22. Qa5+ Ke8 23. Qb5+ Kd8 24. Qa5+ 1/2-1/2

[Event "Kimry-ch 60th"]
[Site "Kimry"]
[Date "2012.01.03"]
[Round "3"]
[White "Pavlova, Kseniia"]
[Black "Terentieva, Alena"]
[Result "0-1"]
[WhiteElo "2019"]
[BlackElo "1775"]
[PlyCount "124"]
[EventDate "2012.01.02"]
[EventType "swiss"]
[EventRounds "9"]
[EventCountry "RUS"]
[SourceTitle "CBM 146 Extra"]
[Source "ChessBase"]
[SourceDate "2012.02.29"]
[SourceVersion "1"]
[SourceVersionDate "2012.02.29"]
[SourceQuality "1"]

1. e4 e5 2. Nf3 Nc6 3. Bb5 a6 4. Ba4 Nf6 5. 0-0 b5 6. Bb3 Be7 7. Re1 d6 8. c3 Na5 9. Bc2 0-0 10. h3 c5 11. d4 Qc7 12. Nbd2 Nc6 13. Nf1 cxd4 14. cxd4 Nxd4 15. Nxd4 exd4 16. b3 Nd7 17. Bb2 Bf6 18. Ne3 d3 19. Qxd3 Bxb2 20. Rab1 Qc3 21. Qd1 Qd4 22. Qe2 Bc3 23. Red1 Qb6 24. Nf5 Be5 25. Kh1 Nf6 26. Ne7+ Kh8 27. Qd2 Qc7 28. Nxc8 Raxc8 29. Bd3 Qb6 30. f4 Bc3 31. Qe2 Rfe8 32. Qf3 Qc6 33. Rbc1 b4 34. Re1 Qb6 35. Re2 Re7 36. g4 Rce8 37. g5 Nd7 38. Bc4 Qd4 39. Bd5 Nb6 40. Bc6 Rc8 41. e5 dxe5 42. f5 Rxc6 43. Qxc6 Qd5+ 44. Qxd5 Nxd5 45. Rd1 Bd4 46. Red2 Kg8 47. Rc1 Nc3 48. a3 a5 49. axb4 axb4 50. Ra1 Re8 51. Ra6 Ne4 52. Rg2 Nc5 53. Rb6 Bc3 54. Rc2 Nxb3 55. Rxc3 bxc3 56. Rxb3 Rc8 57. Rb1 c2 58. Rc1 Kf8 59. Kg2 Ke7 60. Kf2 Kd6 61. Ke3 Kd5 62. Kd2 Kd4 0-1

[Event "Moscow op-F (Women)"]
[Site "Moscow"]
[Date "2011.02.06"]
[Round "9"]
[White "Wagner, Dinara"]
[Black "Terentieva, Alena"]
[Result "1-0"]
[WhiteElo "1929"]
[BlackElo "1700"]
[PlyCount "109"]
[EventDate "2011.01.29"]
[EventType "swiss"]
[EventRounds "9"]
[EventCountry "RUS"]
[SourceTitle "CBM 140 Extra"]
[Source "ChessBase"]
[SourceDate "2011.03.01"]
[SourceVersion "1"]
[SourceVersionDate "2011.03.01"]
[SourceQuality "1"]

1. e4 e5 2. Nf3 Nf6 3. Nxe5 d6 4. Nf3 Nxe4 5. d4 d5 6. Bd3 Bd6 7. 0-0 0-0 8. c3 Bg4 9. h3 Bh5 10. Nbd2 Ng5 11. Be2 Re8 12. Re1 Nd7 13. Nxg5 Qxg5 14. Ne4 Bxe2 15. Rxe2 Qg6 16. Nxd6 Qxd6 17. Bg5 f6 18. Bh4 Qa6 19. Re3 Rxe3 20. fxe3 Re8 21. Qf3 Qe6 22. Re1 c6 23. Bg3 Nb6 24. b3 Nd7 25. Qf4 Qe7 26. Kf2 f5 27. Bh4 Qe4 28. Qxe4 fxe4 29. c4 Rc8 30. Rc1 Nb6 31. c5 Nd7 32. b4 b6 33. Bg3 b5 34. a4 a6 35. axb5 axb5 36. Ra1 Kf7 37. Ra7 Ke6 38. Bd6 g6 39. g4 g5 40. Ke2 h6 41. Ke1 Rh8 42. Rc7 Nb8 43. Re7+ Kf6 44. Rb7 Kg6 45. Bxb8 h5 46. Be5 Rc8 47. gxh5+ Kxh5 48. Rh7+ Kg6 49. Rh8 Rxh8 50. Bxh8 Kh5 51. Kf2 Kh4 52. Kg2 g4 53. hxg4 Kxg4 54. Bf6 Kf5 55. Bd8 1-0

[Event "Moscow op-F (Women)"]
[Site "Moscow"]
[Date "2011.02.05"]
[Round "8"]
[White "Terentieva, Alena"]
[Black "Sotiriadou, Ioanna"]
[Result "1-0"]
[WhiteElo "1700"]
[BlackElo "1607"]
[PlyCount "63"]
[EventDate "2011.01.29"]
[EventType "swiss"]
[EventRounds "9"]
[EventCountry "RUS"]
[SourceTitle "CBM 140 Extra"]
[Source "ChessBase"]
[SourceDate "2011.03.01"]
[SourceVersion "1"]
[SourceVersionDate "2011.03.01"]
[SourceQuality "1"]

1. e4 e5 2. Nf3 d6 3. Bc4 Bg4 4. c3 Nf6 5. h3 Bh5 6. d3 c6 7. Nbd2 d5 8. Bb3 Nbd7 9. Bc2 Bc5 10. b4 Bb6 11. Nf1 a5 12. Bb2 axb4 13. cxb4 Ba7 14. Ng3 Qb6 15. 0-0 0-0 16. Nxh5 Nxh5 17. Nxe5 Nxe5 18. Bxe5 f6 19. Bd6 g6 20. Bxf8 Rxf8 21. Bb3 Ng3 22. Qf3 Nxf1 23. Rxf1 Kh8 24. exd5 cxd5 25. Bxd5 Qxb4 26. Bxb7 Qd4 27. Qd5 Qh4 28. Qd6 Re8 29. Bc6 Rb8 30. Be4 Qg5 31. Qc7 Qa5 32. Qxa5 1-0

[Event "Moscow op-F (Women)"]
[Site "Moscow"]
[Date "2011.02.03"]
[Round "6"]
[White "Terentieva, Alena"]
[Black "Chadaeva, Tatiana"]
[Result "0-1"]
[WhiteElo "1700"]
[BlackElo "1835"]
[PlyCount "82"]
[EventDate "2011.01.29"]
[EventType "swiss"]
[EventRounds "9"]
[EventCountry "RUS"]
[SourceTitle "CBM 140 Extra"]
[Source "ChessBase"]
[SourceDate "2011.03.01"]
[SourceVersion "1"]
[SourceVersionDate "2011.03.01"]
[SourceQuality "1"]

1. c4 e5 2. Nc3 Nc6 3. g3 g6 4. Bg2 Bg7 5. e4 d6 6. d3 Nd4 7. Be3 Ne6 8. Nge2 Ne7 9. 0-0 0-0 10. Qd2 Nc6 11. f4 f5 12. fxe5 dxe5 13. exf5 gxf5 14. Nd5 Rf7 15. Rf2 Ne7 16. Rd1 c6 17. Nxe7+ Qxe7 18. Bh3 f4 19. Bxe6 Bxe6 20. gxf4 Bh3 21. Re1 exf4 22. Bxf4 Raf8 23. Bg3 Rxf2 24. Bxf2 Rxf2 25. Kxf2 Qh4+ 26. Ng3 Bd4+ 27. Re3 Qf4+ 28. Ke2 Bg4+ 29. Ke1 Qxe3+ 30. Qxe3 Bxe3 31. Ne4 Bd4 32. b4 b6 33. Kd2 Bf5 34. Nd6 Be6 35. Nb7 Kf8 36. a4 Ke7 37. a5 Bc8 38. a6 Bxb7 39. axb7 Be5 40. d4 Bxh2 41. Ke3 Kd7 0-1

[Event "Bykova Memorial op (Women)"]
[Site "Suzdal"]
[Date "2010.12.23"]
[Round "9"]
[White "Terentieva, Alena"]
[Black "Schepetkova, Margarita"]
[Result "0-1"]
[WhiteElo "1688"]
[BlackElo "2161"]
[PlyCount "72"]
[EventDate "2010.12.15"]
[EventType "swiss"]
[EventRounds "9"]
[EventCountry "RUS"]
[SourceTitle "CBM 140 Extra"]
[Source "ChessBase"]
[SourceDate "2011.03.01"]
[SourceVersion "1"]
[SourceVersionDate "2011.03.01"]
[SourceQuality "1"]

1. f4 d5 2. Nf3 g6 3. g3 Bg7 4. Bg2 Nf6 5. 0-0 0-0 6. c3 c5 7. d3 Nc6 8. Nbd2 d4 9. c4 Rb8 10. Rb1 b6 11. h3 Nh5 12. Kh2 e5 13. fxe5 Nxe5 14. Ne4 Qc7 15. Bf4 Nxf4 16. gxf4 Nxf3+ 17. Rxf3 f5 18. Ng3 Bh6 19. Qd2 Re8 20. Rbf1 Bb7 21. R3f2 Bxg2 22. Kxg2 Re3 23. Rf3 Rbe8 24. R1f2 R8e6 25. Qc1 Bg7 26. Rxe3 Rxe3 27. Nf1 Re6 28. Qd2 Qe7 29. Ng3 h5 30. b3 Kh7 31. Nf1 Bf6 32. Nh2 Bh4 33. Nf3 Bxf2 34. Kxf2 Re3 35. a3 Qc7 36. Ne5 g5 0-1

[Event "Bykova Memorial op (Women)"]
[Site "Suzdal"]
[Date "2010.12.18"]
[Round "4"]
[White "Mironova, Natalia"]
[Black "Terentieva, Alena"]
[Result "0-1"]
[WhiteElo "1834"]
[BlackElo "1688"]
[PlyCount "100"]
[EventDate "2010.12.15"]
[EventType "swiss"]
[EventRounds "9"]
[EventCountry "RUS"]
[SourceTitle "CBM 140 Extra"]
[Source "ChessBase"]
[SourceDate "2011.03.01"]
[SourceVersion "1"]
[SourceVersionDate "2011.03.01"]
[SourceQuality "1"]

1. e4 e5 2. Nf3 Nc6 3. Bc4 Bc5 4. c3 Nf6 5. d4 Bb6 6. 0-0 d6 7. b4 0-0 8. Re1 Bg4 9. d5 Ne7 10. Bb3 Ng6 11. h3 Bd7 12. c4 Qc8 13. Kh2 Bxf2 14. Re2 Bb6 15. Qc2 a6 16. c5 Ba7 17. a4 Nh5 18. cxd6 cxd6 19. Qxc8 Raxc8 20. Na3 Rc3 21. Rb1 Nhf4 22. Ra2 Be3 23. Bd2 Bxd2 24. Nxd2 b5 25. axb5 axb5 26. Rc2 Rfc8 27. Rbc1 Rxc2 28. Rxc2 Ra8 29. Ndb1 Kf8 30. Rc7 Ke8 31. Bc2 Kd8 32. Rc3 Ne2 33. Rf3 Ke7 34. g3 Nd4 35. Rc3 Ke8 36. Bd3 Ra4 37. Nc2 Nxc2 38. Rxc2 Rxb4 39. Na3 Rb3 40. Nxb5 Bxb5 41. Bxb5+ Rxb5 42. Rc6 Kd7 43. Ra6 Rb4 44. Ra7+ Ke8 45. Ra8+ Ke7 46. Ra7+ Kf6 47. h4 Rxe4 48. Kh3 Rd4 49. h5 Ne7 50. g4 Nxd5 0-1

[Event "Bykova Memorial op (Women)"]
[Site "Suzdal"]
[Date "2010.12.16"]
[Round "2"]
[White "Terentieva, Alena"]
[Black "Sharkova, Vera"]
[Result "0-1"]
[WhiteElo "1688"]
[BlackElo "1974"]
[PlyCount "118"]
[EventDate "2010.12.15"]
[EventType "swiss"]
[EventRounds "9"]
[EventCountry "RUS"]
[SourceTitle "CBM 140 Extra"]
[Source "ChessBase"]
[SourceDate "2011.03.01"]
[SourceVersion "1"]
[SourceVersionDate "2011.03.01"]
[SourceQuality "1"]

1. c4 Nf6 2. Nc3 g6 3. g3 Bg7 4. Bg2 d6 5. Nf3 0-0 6. d3 Bg4 7. 0-0 Qd7 8. Rb1 Bh3 9. b4 Bxg2 10. Kxg2 Nc6 11. a4 Nd8 12. b5 Ne6 13. d4 Rad8 14. a5 d5 15. c5 Ne4 16. Bb2 N6xc5 17. dxc5 Bxc3 18. Qc2 Bxa5 19. Qa4 b6 20. c6 Qe6 21. Nd4 Qd6 22. Ba3 Qf6 23. Bb2 Bc3 24. f3 Qxd4 25. Qxd4 Bxd4 26. Bxd4 Nd2 27. Be5 Nxf1 28. Kxf1 Rc8 29. Ra1 f6 30. Bf4 g5 31. Bd2 Ra8 32. f4 h6 33. Kg2 Rfd8 34. fxg5 hxg5 35. Kf3 d4 36. Ke4 e5 37. g4 Kf7 38. Be1 Ke6 39. h4 gxh4 40. Bxh4 Rg8 41. g5 f5+ 42. Kd3 Rh8 43. Bf2 Rh5 44. Rg1 Rg8 45. Ra1 Ra8 46. Rg1 a6 47. bxa6 Rxa6 48. g6 Ra8 49. e3 dxe3 50. Bxe3 Ra3+ 51. Kc2 Rh8 52. Bc1 Rf3 53. Kd2 Rg8 54. Ke2 Rh3 55. Rg2 f4 56. Kf2 Rg3 57. Rxg3 fxg3+ 58. Kxg3 Rxg6+ 59. Kf3 Kd5 0-1

[Event "Bykova Memorial op (Women)"]
[Site "Suzdal"]
[Date "2010.12.15"]
[Round "1"]
[White "Shaydullina, Sandugach"]
[Black "Terentieva, Alena"]
[Result "1-0"]
[WhiteElo "2175"]
[BlackElo "1688"]
[PlyCount "75"]
[EventDate "2010.12.15"]
[EventType "swiss"]
[EventRounds "9"]
[EventCountry "RUS"]
[SourceTitle "CBM 140 Extra"]
[Source "ChessBase"]
[SourceDate "2011.03.01"]
[SourceVersion "1"]
[SourceVersionDate "2011.03.01"]
[SourceQuality "1"]

1. d4 Nf6 2. c4 e6 3. Nc3 Bb4 4. Qc2 c5 5. dxc5 0-0 6. a3 Bxc5 7. Nf3 d5 8. Bg5 d4 9. 0-0-0 Nc6 10. e3 e5 11. Nd5 Be7 12. Nxe7+ Qxe7 13. exd4 exd4 14. Nxd4 Nxd4 15. Rxd4 Qe5 16. Be3 Ng4 17. Rd5 Nxe3 18. Rxe5 Nxc2 19. Kxc2 Be6 20. Bd3 Rac8 21. b3 b6 22. f4 Rfd8 23. f5 Bd7 24. a4 f6 25. Re7 a6 26. g4 a5 27. Rhe1 Kf8 28. h4 Re8 29. Rxe8+ Rxe8 30. Be4 h6 31. Kd3 Re5 32. h5 Ke7 33. Rd1 Kd8 34. Kd4 Kc7 35. Bd3 Bc6 36. Rf1 Bd7 37. Rc1 Bc6 38. Rf1 1-0